000 00384nam a2200133Ia 4500
008 210210b1971 xxu||||| |||| 00| 0 eng d
082 _a300.72 OTOO
100 _aO'TOOLE (Richard).
245 _aOrganization, management and tactics of social research.
260 _aCambridge.
_bSchenkman Publishing Co.,
_c1971
300 _axviii,312
690 _aSocial Research
906 _a037120
999 _c87322
_d87322